000 00305nam a22001337a 4500
008 180126b xxu||||| |||| 00| 0 eng d
020 _a9780876543009
041 _aeng
080 _a371
100 _a46
101 _aedu
245 _aArt Quilts: Playing with A Full Deck
_cPierce, S
942 _2udc
_cBK
999 _c41065
_d41065